00289nam a2200109Ia 4500008004100000245006300041260002200104440000600126521002300132942000700155999001700162140130s9999 xx 000 0 und d cOwen, JenniferaUsborne mysteries & marvels of insect life bScholastic,c1984 v1 aGrade 7 - Grade 12 cBK c41361d41361